000 00559nam a2200169Ia 4500
005 20260429112002.0
008 260429s9999||||xx |||||||||||||| ||und||
020 _a9780000991751
041 _aEnglish
082 _a570.285
_bNEE
100 _aNeelakanta, Perambur S
245 0 _aTextbook of bioinformatics :
_binformation-theoretic perspectives of bioengineering and biological complexes /
_cPerambur S Neelakanta
260 _aSingapore :
_bWorld Scientific Publishing,
_c2024.
300 _axii, 671 p.; pbk
650 _aBioinformatics
942 _cTB
999 _c51754
_d51754